Biblioteca ESET

Todo verdor perecerá. (Registro nro. 1385)

Detalles MARC
000 -CABECERA
fixed length control field 00957nam a22003131a 4500
003 - CONTROL NUMBER IDENTIFIER
control field AR-BaBN
005 - FECHA Y HORA DE LA ULTIMA TRANSACCION
control field 20251006175537.0
007 - CAMPO FIJO DE DESCRIPCION FIJA - INFORMACION GENERAL
fixed length control field ta
008 - ELEMENTOS DE LONGITUD FIJA-INFORMACION GENERAL
fixed length control field 080415s2007 ag |||||||||||||| ||spa
015 ## - NATIONAL BIBLIOGRAPHY NUMBER
National bibliography number AR-2007
020 ## - NUMERO INTERNACIONAL NORMALIZADO PARA LIBROS
Número Internacional Normalizado del libro 9500727072
020 ## - NUMERO INTERNACIONAL NORMALIZADO PARA LIBROS
Número Internacional Normalizado del libro 9789500727075
040 ## - FUENTE DE CATALOGACION
Agencia de catalogación original AR-BaBN
Idioma de catalogación ESPAÑOL
Agencia que realiza la transcripción AR-BaBN
Convenciones de la descripción aacr
044 ## - COUNTRY OF PUBLISHING/PRODUCING ENTITY CODE
MARC country code ag
ISO country code ar-c
100 1# - ASIENTO PRINCIPAL-NOMBRE PERSONAL
Nombre personal Mallea, Eduardo,
Fecha asociada al nombre 1903-1982
Término relacionador autor
Relationship aut
245 10 - MENCION DE TITULO
Título Todo verdor perecerá.
Medio físico Libro.
250 ## - MENCION DE EDICION
Mención de edición 1a ed.
260 ## - PUBLICACION, DISTRIBUCION, ETC.
Lugar de publicación, distribución, etc. Buenos Aires :
Nombre del editor, distribuidor, etc. Sudamericana,
Fecha de publicación, distribución, etc 2010.
300 ## - DESCRIPCION FISICA
Extensión 192 p.
490 ## - MENCION DE SERIE
Mención de serie Narrativas
Designación numérica/secuencial del volumen 60
650 ## - ASIENTO SECUNDARIO DE MATERIA - TERMINO TEMATICO
Fuente del encabezamiento o términ tell
Término temático o nombre geográfico como elemento de entrada Narrativa
651 ## - ASIENTO SECUNDARIO DE MATERIA - NOMBRE GEOGRAFICO
Fuente del encabezamiento o término unescot
Nombre geográfico Argentina
929 ## - DATOS DE ADQUISICION
Procedencia DONACION
Proveedor Ministerio de Educación de la Nación
Orden de compra 0
Precio 0
Fecha de recibido 2019
Patrimonio UNQ PAT0083768
Número de inventario 60684
930 #1 - EQUIVALENCE OR CROSS-REFERENCE-UNIFORM TITLE HEADING [LOCAL, CANADA]
Language of a work BNA01
Medium of performance for music LIBRO
Linkage 00838507
Field link and sequence number 20110912
Date of a work 11
Version 03
Number of part/section of a work 002
Arranged statement for music 000727519
942 ## - ELEMENTOS DE PUNTO DE ACCESO ADICIONAL (KOHA)
Source of classification or shelving scheme
Suppress in OPAC 0
Tipo de ítem Koha Libros
956 ## - LOCAL ELECTRONIC LOCATION AND ACCESS (OCLC)
Host name GSL
Access number 00
Compression information 20110916
Logon BNA01
Processor of request 0045
956 ## - LOCAL ELECTRONIC LOCATION AND ACCESS (OCLC)
Host name GSL
Compression information 20130614
Logon BNA01
Processor of request 2001
956 ## - LOCAL ELECTRONIC LOCATION AND ACCESS (OCLC)
Host name CATAU
Access number 20
Compression information 20150302
Logon BNA01
Processor of request 1718
Existencias
Estado de retiro Estado de pérdida Ubicación permanente Ubicación actual Ubicación en estantería Fecha de ingreso Total Checkouts Signatura topográfica completa Inventario Date last seen Tipo de ítem Koha Operador
    Biblioteca ESET - UNQ Biblioteca ESET - UNQ CIRCULACION 06/10/2025   A863 MAL 60684 06/10/2025 Libros Gladys Alarcon

ESET UNQ

☏ 4365-7188
 Avenida República de Francia 1714 entre Doctor Kenny y Concordia, Ezpeleta, Bs As.
✉ secretaria_eset@unq.edu.ar

Con tecnología Koha